LEADER 03620nam 22006254a 450 001 9910455647103321 005 20211020041500.0 010 $a1-282-05979-3 010 $a9786612059797 010 $a1-57224-686-3 035 $a(CKB)2420000000005024 035 $a(EBL)847588 035 $a(OCoLC)646807093 035 $a(SSID)ssj0000287825 035 $a(PQKBManifestationID)11912644 035 $a(PQKBTitleCode)TC0000287825 035 $a(PQKBWorkID)10388409 035 $a(PQKB)10558458 035 $a(MiAaPQ)EBC847588 035 $a(Au-PeEL)EBL847588 035 $a(CaPaEBR)ebr10285415 035 $a(CaONFJC)MIL205979 035 $a(EXLCZ)992420000000005024 100 $a20050413d2005 uy 0 101 0 $aeng 135 $aurunu---uuuuu 181 $ctxt$2rdacontent 182 $cc$2rdamedia 183 $acr$2rdacarrier 200 10$aAcceptance & commitment therapy for anxiety disorders $ea practitioner's treatment guide to using mindfulness, acceptance, and values-based behavior change strategies /$fGeorg H. Eifert, John P. Forsyth ; foreword by Steven C. Hayes 210 $aOakland, CA $cNew Harbinger Publications$dc2005 215 $a1 online resource (305 p.) 311 $a1-57224-427-5 320 $aIncludes bibliographical references and index. 327 $a""A Note to eBook Readers""; ""Contents""; ""Acknowledgments and Preface""; ""Foreword""; ""PART I: UNDERSTANDING ANXIETY DISORDERS""; ""1. What Is ACT?""; ""2. Overview of Anxiety Disorders""; ""3. Cognitive Behavioral Views and Treatments of Anxiety Disorders""; ""PART II: HOW ACT REFRAMES THE ANXIETY DIMENSION""; ""4. Controlling Anxiety Is the Problem, Not a Solution""; ""5. Balancing Acceptance and Change""; ""PART III: ACT TREATMENT OF ANXIETY""; ""6. Core Treatment Components and Therapist Skills""; ""7. Psychoeducation and Treatment Orientation"" 327 $a""8. Creating an Acceptance Context for Treatment""""9. Acceptance and Valued Living as Alternatives to Managing Anxiety""; ""10. Creating Flexible Patterns of Behavior Through Value-Guided Exposure""; ""11. Staying Committed to Valued Directions and Action""; ""12. Practical Challenges and Future Directions""; ""APPENDIX A: Acceptance and Action Questionnaire (AAQ-Rev 19)""; ""APPENDIX B: White Bear Suppression Inventory""; 330 $aAcceptance and commitment therapy, or ACT (pronounced as a word rather than letters), is an emerging psychotherapeutic technique first developed into a complete system in the book Acceptance and Commitment Therapy by Steven Hayes, Kirk Strosahl, and Kelly Wilson. ACT marks what some call a third wave in behavior therapy. To understand what this means, it helps to know that the first wave refers to traditional behavior therapy, which works to replace harmful behaviors with constructive ones through a learning principle called conditioning. Cognitive therapy, the second wave of behavior thera 517 3 $aAcceptance and commitment therapy for anxiety disorders 606 $aAnxiety disorders 606 $aAcceptance and commitment therapy 606 $aBehavioral assessment 608 $aElectronic books. 615 0$aAnxiety disorders. 615 0$aAcceptance and commitment therapy. 615 0$aBehavioral assessment. 676 $a616.85/2206 700 $aEifert$b Georg H.$f1952-$01041628 702 $aForsyth$b John P. 801 0$bMiAaPQ 801 1$bMiAaPQ 801 2$bMiAaPQ 906 $aBOOK 912 $a9910455647103321 996 $aAcceptance & commitment therapy for anxiety disorders$92465299 997 $aUNINA LEADER 03364nam 22004813 450 001 9910799600703321 005 20250704080319.0 010 $a1-4214-3349-4 035 $a(CKB)5600000000014736 035 $a(BIP)073336514 035 $a(VLeBooks)9781421433493 035 $a(MiAaPQ)EBC29139056 035 $a(Au-PeEL)EBL29139056 035 $a(OCoLC)1527088975 035 $a(EXLCZ)995600000000014736 100 $a20250704d1990 uy 0 101 0 $aeng 135 $aurcnu|||||||| 181 $ctxt$2rdacontent 182 $cc$2rdamedia 183 $acr$2rdacarrier 200 10$aAlfred North Whitehead $eThe Man and His Work 205 $a1st ed. 210 1$aBaltimore :$cJohns Hopkins University Press,$d1990. 210 4$dİ1985. 215 $a1 online resource (386 p.) $cill 311 08$a0-8018-2488-5 311 08$a1-4214-3350-8 327 $aCover -- Copyright -- Title Page -- Contents -- Preface -- I. Introduction -- II. The Whiteheads -- III. Childhood -- IV. Sherborne -- V. Student at Cambridge -- VI. Mathematics at Cambridge -- VII. The Cambridge Apostles -- VIII. The Young Mathematician -- IX. Whitehead's Thirtieth Year -- X. The Married Mathematician -- XI. Bertrand Russell -- XII. Principia Mathematica -- XIII. Principia Mathematica (Continued) -- XIV. "On Mathematical Concepts of the Material World -- XV. Last Years in Cambridge -- Notes -- Bibliography -- Index. 330 8 $aOriginally published in 1985. The second volume of Victor Lowe's definitive work on Alfred North Whitehead completes the biography of one of the twentieth century's most influential yet least understood philosophers. In 1910 Whitehead abruptly ended his thirty-year association with Trinity College of Cambridge and moved to London. The intellectual and personal restlessness that precipitated this move ultimately led Whitehead--at the age of sixty-three--to settle in America and change the focus of his work from mathematics to philosophy. Volume 2 of Alfred North Whitehead: The Man and His Workfollows Whitehead's journey to the United States and analyzes his expanding intellectual life. Although Whitehead wrote philosophy based on natural science while still in London, he began his most important work shortly after moving to Harvard in 1924. Science and the Modern World appeared in 1925, Religion in the Making in 1926, Symbolismin 1927, and Process and Realityin 1929. Discussing these and other important works, Lowe combines scholarly analysis with valuable insights gathered from Whitehead's friends and colleagues. Although Whitehead ordered that all his private papers be destroyed, Lowe was given access to letters the philosopher wrote to his son, North, and others. Never before published, the letters add a new personal dimension to Whitehead's life and thought. Photographs of the philosopher, his family, and associates provide an intimate look at a private and self-effacing man whose work has had a lasting impact on twentieth-century thought. 606 $aMathematicians 606 $aPhilosophers 615 0$aMathematicians. 615 0$aPhilosophers. 676 $a192 700 $aLowe$b Victor$0776936 801 0$bMiAaPQ 801 1$bMiAaPQ 801 2$bMiAaPQ 906 $aBOOK 912 $a9910799600703321 996 $aAlfred North Whitehead$94403364 997 $aUNINA